000
00322nam a2200133Ia 4500
008
220204s9999 xx 000 0 und d
082
_a
632.95
_b
HAR
100
_a
HARTLEY, G S
245
0
_a
Chemicals for pest control
260
_a
London
_b
Pergamon
_c
1969
650
_a
Pest control
700
_a
WEST, T F
942
_c
BK
999
_c
22465
_d
22465